000 00558nam a2200229Ia 4500
003 OSt
005 20221005122115.0
006 a|||||r|||| 00| 0
007 ta
008 221004b |||||||| |||| 00| 0 eng d
024 _a62595
037 _cTextual
040 _aCRL
_cCRL
_beng
041 _2eng
_aeng
082 _aS:86, J3
100 _aBingham June
245 0 _aInside story
_b Psychiatry and everyday life
260 _c1953
650 _aPSYCHOLOGY
942 _hS:86, J3
_cTEXL
_2cc
999 _c1043269
_d1043269